| 000 | 01597nem0a2200289 4500 | ||
|---|---|---|---|
| 001 | RU\NLR\BIBL_A\022690584 | ||
| 005 | 20260201142228.0 | ||
| 035 | _a(NLR Aleph) 022690584 | ||
| 090 |
_a13540130 _c13540130 |
||
| 100 | _a20251218d1929 m y0rusy50 ca | ||
| 101 | 0 | _aukr | |
| 102 | _aRU | ||
| 120 | _abya xx|| | ||
| 123 | 1 |
_aa _b750000 |
|
| 200 | 1 |
_aТоргова карта Украïнськоï Соцiялiстичноï Радянськоï Республiки _bКарты _dСarte Commerciale de la Republique Socialistique Ukrainienne des Soviets _eСклад. НКТ УСРР за материал. Наркомторг'у Цстат. управ ЦКОИУ УСРР _fВиконана та видана НКВС УСРР |
|
| 206 | _a1:750 000, 750 м в 1 см | ||
| 210 |
_a[Харкiв] _cНКВС УСРР _d1929 |
||
| 215 |
_a1 к. (4 л.) _cцв.,текст _d70х100 см |
||
| 327 | 1 | _aДоп. карты: Карта Союзу Радян. Соц. Республiк.- 1:25 000; Загальна карта зернових культур.- 1:3 000 000; [Виробництво та заготiвлю продуктiв Сiльского господарства] | |
| 509 | 0 | 1 |
_7ca _aУкраинская ССР _92633645 _3RU\NLR\auth_crt\55469 |
| 606 | 1 |
_aТорговля _jКарты _9906647 _3RU\NLR\AUTH\6610658 |
|
| 607 |
_aУкраинская ССР _91019239 _3RU\NLR\AUTH\6671513 |
||
| 608 |
_aСельскохозяйственные карты _91411586 _3RU\NLR\AUTH\66283168 |
||
| 852 |
_aNLR _bК _j4-Укр 4-127 _m5304 |
||
| 942 | _cMAP | ||
| 980 | _aNB | ||